[Event "6. Obert Internacional Masdenverge 2017"]
[Site "Masdenverge ESP"]
[Date "2017.07.01"]
[Round "3.2"]
[White "Pla Andreu, Abraham"]
[Black "Fernandez Alonso, Miguel Angel"]
[Result "0-1"]
[WhiteElo "1983"]
[BlackElo "2104"]
[PlyCount "118"]
[EventDate "2017.06.30"]
[EventType "swiss"]
[EventRounds "7"]
[EventCountry "ESP"]
[SourceTitle "Ajedrez en Madrid"]
[Source "lmi"]
[SourceDate "2017.06.30"]
[SourceVersion "1"]
[SourceVersionDate "2018.04.15"]
[SourceQuality "1"]

1. d4 d5 2. Nf3 Nf6 3. Bf4 e6 4. Nbd2 c5 5. e3 Nc6 6. c3 Be7 7. Bd3 Nh5 8. Bg3
Nxg3 9. hxg3 h6 10. O-O cxd4 11. exd4 Bf6 12. Re1 O-O 13. Ne5 Nxe5 14. dxe5 Be7
15. Nf3 Bd7 16. Bc2 Qb6 17. Qd3 g6 18. Qe3 Qxe3 19. Rxe3 Rac8 20. Ree1 b6 21.
Rad1 Rc7 22. Nd4 b5 23. a3 a5 24. Bd3 Rb8 25. Rc1 Be8 26. Ne2 b4 27. axb4 axb4
28. c4 dxc4 29. Rxc4 Rxc4 30. Bxc4 Rd8 31. b3 Ra8 32. Nf4 Bc5 33. Nd3 Bd4 34.
Re2 Bc3 35. Kh2 Ra5 36. f4 h5 37. Nb2 Ra2 38. Na4 Rxe2 39. Bxe2 Bd4 40. Bd1 Kf8
41. g4 hxg4 42. Bxg4 Bc6 43. Bd1 Ke7 44. g4 Be4 45. Kg3 g5 46. Be2 Bd5 47. Bd1
Kd7 48. Bc2 Kc7 49. Bd1 Be4 50. Be2 Kc6 51. Bd1 Kd5 52. Be2 gxf4+ 53. Kxf4
Bxe5+ 54. Ke3 Bd4+ 55. Kf4 Bg6 56. Bf3+ Kd6 57. Be4 e5+ 58. Kf3 Bxe4+ 59. Kxe4
f6 0-1

[Event "6. Obert Internacional Masdenverge 2017"]
[Site "Masdenverge ESP"]
[Date "2017.07.01"]
[Round "3.3"]
[White "Asensio Linan, Teodoro"]
[Black "Ferre Fornos, J. Enric"]
[Result "1-0"]
[WhiteElo "2104"]
[BlackElo "1893"]
[PlyCount "91"]
[EventDate "2017.06.30"]
[EventType "swiss"]
[EventRounds "7"]
[EventCountry "ESP"]
[SourceTitle "Ajedrez en Madrid"]
[Source "lmi"]
[SourceDate "2017.06.30"]
[SourceVersion "1"]
[SourceVersionDate "2018.04.15"]
[SourceQuality "1"]

1. e4 e5 2. Nf3 Nc6 3. d4 exd4 4. Nxd4 Bc5 5. Be3 Qf6 6. Nb5 Bxe3 7. fxe3 Qd8
8. Qg4 g6 9. Qf4 d6 10. Bc4 Ne5 11. O-O Qd7 12. Nd2 a6 13. Nd4 Qe7 14. Bb3 Bd7
15. N4f3 f6 16. Nd4 O-O-O 17. Bxg8 Rhxg8 18. Qxf6 Qxf6 19. Rxf6 Rdf8 20. Raf1
Rxf6 21. Rxf6 Kd8 22. h3 Ke7 23. Rf4 Rf8 24. b3 c5 25. Ne2 b5 26. Nc3 Bc6 27.
Nd5+ Bxd5 28. exd5 Rc8 29. Ne4 c4 30. b4 c3 31. Rf6 Nc4 32. Re6+ Kd7 33. Nxc3
Nd2 34. Ne2 Rxc2 35. Nd4 Rxa2 36. Nc6 Nc4 37. e4 Ne3 38. g4 Rg2+ 39. Kh1 Re2
40. Nb8+ Kc8 41. Nc6 Kd7 42. Re7+ Kc8 43. Rxh7 Nf1 44. e5 dxe5 45. d6 Rd2 46.
Rc7# 1-0

[Event "6. Obert Internacional Masdenverge 2017"]
[Site "Masdenverge ESP"]
[Date "2017.07.01"]
[Round "3.4"]
[White "Santos Morales, Julio Cesar"]
[Black "Jordan Martinez, David"]
[Result "1-0"]
[WhiteElo "1879"]
[BlackElo "2096"]
[PlyCount "47"]
[EventDate "2017.06.30"]
[EventType "swiss"]
[EventRounds "7"]
[EventCountry "ESP"]
[SourceTitle "Ajedrez en Madrid"]
[Source "lmi"]
[SourceDate "2017.06.30"]
[SourceVersion "1"]
[SourceVersionDate "2018.04.15"]
[SourceQuality "1"]

1. d4 Nf6 2. Nf3 e6 3. e3 d5 4. Bd3 c5 5. c3 Bd6 6. Nbd2 Nc6 7. O-O O-O 8. Re1
b6 9. e4 dxe4 10. Nxe4 Be7 11. Qe2 Bb7 12. dxc5 bxc5 13. Bg5 Nxe4 14. Qxe4 g6
15. Qe3 Bxg5 16. Nxg5 Rc8 17. Rad1 Qe7 18. f4 Kg7 19. Qh3 h6 20. Nxe6+ Kg8 21.
Nxf8 Qxf8 22. f5 Qg7 23. fxg6 fxg6 24. Bc4+ 1-0

[Event "6. Obert Internacional Masdenverge 2017"]
[Site "Masdenverge ESP"]
[Date "2017.07.01"]
[Round "3.5"]
[White "Buch Prades, Joan"]
[Black "Garcia Estruch, Jorge"]
[Result "1-0"]
[WhiteElo "2077"]
[BlackElo "1833"]
[PlyCount "97"]
[EventDate "2017.06.30"]
[EventType "swiss"]
[EventRounds "7"]
[EventCountry "ESP"]
[SourceTitle "Ajedrez en Madrid"]
[Source "lmi"]
[SourceDate "2017.06.30"]
[SourceVersion "1"]
[SourceVersionDate "2018.04.15"]
[SourceQuality "1"]

1. d4 Nf6 2. c4 e5 3. dxe5 Ng4 4. e3 Nxe5 5. Nh3 Bb4+ 6. Bd2 Bxd2+ 7. Qxd2 O-O
8. Nc3 d6 9. Nf4 Be6 10. b3 Nbd7 11. Be2 Nf6 12. h3 Qe7 13. O-O Rad8 14. e4 c6
15. Nxe6 fxe6 16. f4 Ng6 17. Rae1 Qc7 18. Bd3 Nh5 19. Ne2 e5 20. g3 exf4 21.
gxf4 Kh8 22. Bb1 d5 23. e5 dxc4 24. Qe3 Rd3 25. Bxd3 cxd3 26. Qxd3 Nhxf4 27.
Nxf4 Nxf4 28. Qg3 Qb6+ 29. Kh2 Qd4 30. Qe3 Qxe3 31. Rxe3 g5 32. Rd3 Re8 33. Rd7
Rxe5 34. Rxb7 Re2+ 35. Kg3 h5 36. Rd1 Nd5 37. Rxa7 Re3+ 38. Kh2 Re2+ 39. Kh1
Re3 40. Kg2 Re2+ 41. Kf3 Re3+ 42. Kf2 Re5 43. a4 Rf5+ 44. Kg1 g4 45. hxg4 hxg4
46. Re1 Rf8 47. a5 Nf4 48. Ree7 Nh3+ 49. Kg2 1-0

[Event "6. Obert Internacional Masdenverge 2017"]
[Site "Masdenverge ESP"]
[Date "2017.07.01"]
[Round "3.6"]
[White "Ferrer Foix, Vicent"]
[Black "Lorca Cortada, David"]
[Result "0-1"]
[WhiteElo "1802"]
[BlackElo "2056"]
[PlyCount "62"]
[EventDate "2017.06.30"]
[EventType "swiss"]
[EventRounds "7"]
[EventCountry "ESP"]
[SourceTitle "Ajedrez en Madrid"]
[Source "lmi"]
[SourceDate "2017.06.30"]
[SourceVersion "1"]
[SourceVersionDate "2018.04.15"]
[SourceQuality "1"]

1. e4 c5 2. Nf3 e6 3. d4 cxd4 4. Nxd4 a6 5. Bd3 Bc5 6. Nb3 Be7 7. Nc3 d6 8. Be3
Nf6 9. f4 Nc6 10. g4 Nd7 11. g5 h6 12. Qd2 hxg5 13. fxg5 Nde5 14. Be2 b5 15.
O-O-O Bb7 16. Kb1 Na5 17. Qd4 Rc8 18. Bf4 Nac4 19. Nd2 Nxd2+ 20. Bxd2 Qc7 21.
a3 Rh4 22. Be1 Rxe4 23. Nxe4 Qxc2+ 24. Ka1 Bxe4 25. Rg1 Qxe2 26. Bg3 Nf3 27.
Qxg7 Nxg1 28. Qh8+ Bf8 29. Re1 Bd5 30. Rxg1 Qe3 31. Rd1 Rc1+ 0-1

[Event "6. Obert Internacional Masdenverge 2017"]
[Site "Masdenverge ESP"]
[Date "2017.07.01"]
[Round "3.7"]
[White "Molano Lafuente, Ismael"]
[Black "Carreras Villagrasa, Pablo"]
[Result "1/2-1/2"]
[WhiteElo "2005"]
[BlackElo "1782"]
[PlyCount "70"]
[EventDate "2017.06.30"]
[EventType "swiss"]
[EventRounds "7"]
[EventCountry "ESP"]
[SourceTitle "Ajedrez en Madrid"]
[Source "lmi"]
[SourceDate "2017.06.30"]
[SourceVersion "1"]
[SourceVersionDate "2018.04.15"]
[SourceQuality "1"]

1. e4 e6 2. Qe2 d5 3. exd5 Qxd5 4. Nc3 Qd8 5. g3 Nf6 6. Bg2 Be7 7. Nf3 O-O 8.
d4 c6 9. Bg5 Qb6 10. O-O-O Nbd7 11. Ne5 a5 12. h4 h6 13. f4 Qc7 14. Bf3 Nxe5
15. dxe5 Nd5 16. Ne4 b5 17. Bxe7 Qxe7 18. Nd6 a4 19. Bxd5 exd5 20. g4 b4 21. g5
h5 22. Qxh5 Qa7 23. Qf3 c5 24. Nxc8 Rfxc8 25. Qxd5 c4 26. g6 b3 27. gxf7+ Kf8
28. Qd6+ Kxf7 29. Qd5+ Kf8 30. a3 c3 31. Rh2 cxb2+ 32. Kxb2 bxc2 33. Rxc2 Rab8+
34. Kc1 Qe3+ 35. Rdd2 Qe1+ 1/2-1/2

[Event "6. Obert Internacional Masdenverge 2017"]
[Site "Masdenverge ESP"]
[Date "2017.07.01"]
[Round "3.8"]
[White "Accensi Estrada, Miguel Angel"]
[Black "Lisiewicz Jornet, Julia"]
[Result "1-0"]
[WhiteElo "2159"]
[BlackElo "1595"]
[PlyCount "159"]
[EventDate "2017.06.30"]
[EventType "swiss"]
[EventRounds "7"]
[EventCountry "ESP"]
[SourceTitle "Ajedrez en Madrid"]
[Source "lmi"]
[SourceDate "2017.06.30"]
[SourceVersion "1"]
[SourceVersionDate "2018.04.15"]
[SourceQuality "1"]

1. e4 d5 2. exd5 Qxd5 3. Nf3 Bg4 4. Be2 Nf6 5. h3 Bf5 6. d4 e6 7. O-O Be7 8. c4
Qd8 9. Nc3 O-O 10. Nh4 Bg6 11. Nxg6 hxg6 12. Bf4 Nbd7 13. Qc2 Bd6 14. Bg5 c6
15. Rad1 Qc7 16. Rfe1 Rfe8 17. a3 a5 18. Qb1 e5 19. d5 Qb6 20. dxc6 Qxc6 21.
Bf3 Qb6 22. Be3 Bc5 23. Na4 Qc7 24. Nxc5 Nxc5 25. b4 axb4 26. axb4 Ncd7 27. c5
e4 28. Be2 b6 29. cxb6 Nxb6 30. Bb5 Re6 31. Qb3 Qe5 32. Bc4 Nxc4 33. Qxc4 Rb8
34. Bc5 Qc7 35. Qd4 Rb7 36. Ra1 Qc6 37. Ra8+ Kh7 38. Rd8 Nd7 39. Ra1 Qb5 40.
Raa8 Rb8 41. Rdxb8 Nxb8 42. Qd8 Re8 43. Qh4+ Kg8 44. Bd6 Na6 45. Qxe4 Rxa8 46.
Qxa8+ Kh7 47. Qe4 Qb6 48. Qf4 g5 49. Qe4+ Kh6 50. Be7 Qc7 51. g3 Qc1+ 52. Kg2
Nc7 53. Qf5 Qc6+ 54. Kh2 Qg6 55. Qxg6+ Kxg6 56. Kg2 Kf5 57. Kf3 f6 58. Bd6 Nb5
59. Bf8 g6 60. Ke3 Ke5 61. Kd3 f5 62. Bg7+ Kd5 63. Bf6 g4 64. hxg4 fxg4 65. Be7
Nd4 66. Bc5 Nb5 67. Ke3 Ke5 68. Bf8 g5 69. Be7 Nc7 70. Bc5 Nb5 71. Kd3 Ke6 72.
Kc4 Nc7 73. b5 Nxb5 74. Kxb5 Ke5 75. Be3 Kf5 76. Kc4 Kg6 77. Kd5 Kf5 78. Bd2
Kf6 79. Ke4 Kg6 80. Ke5 1-0

[Event "6. Obert Internacional Masdenverge 2017"]
[Site "Masdenverge ESP"]
[Date "2017.07.01"]
[Round "3.9"]
[White "Garcia Amoros, Pablo"]
[Black "Alcover Sancho, Manuel"]
[Result "1-0"]
[WhiteElo "2146"]
[BlackElo "1694"]
[PlyCount "31"]
[EventDate "2017.06.30"]
[EventType "swiss"]
[EventRounds "7"]
[EventCountry "ESP"]
[SourceTitle "Ajedrez en Madrid"]
[Source "lmi"]
[SourceDate "2017.06.30"]
[SourceVersion "1"]
[SourceVersionDate "2018.04.15"]
[SourceQuality "1"]

1. e4 d6 2. d4 Nf6 3. Nc3 c6 4. f4 Qa5 5. Bd3 e5 6. Nf3 Bg4 7. O-O Nbd7 8. Ne2
Be7 9. a3 O-O 10. h3 Bxf3 11. Rxf3 c5 12. dxe5 dxe5 13. c4 Qc7 14. Nc3 exf4 15.
Bxf4 Bd6 16. Nb5 1-0

[Event "6. Obert Internacional Masdenverge 2017"]
[Site "Masdenverge ESP"]
[Date "2017.07.01"]
[Round "3.10"]
[White "Biosca Caballe, Nestor"]
[Black "Gutierrez Insua, Jorge Alberto"]
[Result "1-0"]
[WhiteElo "1952"]
[BlackElo "1642"]
[PlyCount "113"]
[EventDate "2017.06.30"]
[EventType "swiss"]
[EventRounds "7"]
[EventCountry "ESP"]
[SourceTitle "Ajedrez en Madrid"]
[Source "lmi"]
[SourceDate "2017.06.30"]
[SourceVersion "1"]
[SourceVersionDate "2018.04.15"]
[SourceQuality "1"]

1. e4 Nf6 2. e5 Nd5 3. c4 Nb6 4. d4 d6 5. exd6 exd6 6. Bd3 Nc6 7. Be3 Be7 8.
Ne2 Bg4 9. O-O Bf6 10. f3 Bh5 11. a3 Qe7 12. Bf2 O-O 13. Nbc3 Rad8 14. Nd5 Nxd5
15. cxd5 Nb8 16. Re1 Qd7 17. Qc2 Bg6 18. Bxg6 fxg6 19. Ng3 Qb5 20. Ne4 Rf7 21.
Nc3 Qb6 22. Re4 Re7 23. Rxe7 Bxe7 24. Re1 Bf6 25. Re4 Kf7 26. Qe2 a6 27. g4 g5
28. Kg2 Nd7 29. b4 Nf8 30. Qe3 Ng6 31. Bg3 Rd7 32. Re8 Re7 33. Rxe7+ Nxe7 34.
Bf2 Qa7 35. Qe6+ Kf8 36. Ne4 Bxd4 37. Nxg5 Ke8 38. Qf7+ Kd7 39. Ne6 Bxf2 40.
Nxg7 c6 41. Qe8+ Kc7 42. Qxe7+ Kb6 43. Kxf2 Kb5+ 44. Kg2 Qd4 45. Qxb7+ Ka4 46.
Qxc6+ Kb3 47. Nf5 Qb2+ 48. Kg3 Qe5+ 49. Kh3 Qa1 50. Qxd6 Qf1+ 51. Kh4 Qe1+ 52.
Qg3 Qe8 53. f4+ Ka4 54. Nd4 Qd8+ 55. Kh3 Qxd5 56. Qb3+ Qxb3+ 57. Nxb3 1-0

[Event "6. Obert Internacional Masdenverge 2017"]
[Site "Masdenverge ESP"]
[Date "2017.07.01"]
[Round "4.1"]
[White "Buch Prades, Joan"]
[Black "Jordan Martinez, Miguel"]
[Result "0-1"]
[WhiteElo "2077"]
[BlackElo "2161"]
[PlyCount "90"]
[EventDate "2017.06.30"]
[EventType "swiss"]
[EventRounds "7"]
[EventCountry "ESP"]
[SourceTitle "Ajedrez en Madrid"]
[Source "lmi"]
[SourceDate "2017.06.30"]
[SourceVersion "1"]
[SourceVersionDate "2018.04.15"]
[SourceQuality "1"]

1. d4 Nf6 2. c4 g6 3. Nc3 Bg7 4. e4 d6 5. Bd3 O-O 6. Nge2 Nc6 7. O-O e5 8. d5
Nd4 9. Nxd4 exd4 10. Ne2 Nd7 11. Ng3 Ne5 12. Be2 Qh4 13. Rb1 d3 14. Bxd3 Ng4
15. h3 Nxf2 16. Qf3 Nxd3 17. Qxd3 Be5 18. Ne2 f5 19. Bf4 fxe4 20. Qe3 Bxf4 21.
Rxf4 Rxf4 22. Qxf4 Qxf4 23. Nxf4 Bd7 24. Re1 Re8 25. Kf2 Kg7 26. Ke3 Kf6 27.
Kd4 c5+ 28. dxc6 Bxc6 29. Nd5+ Bxd5 30. Kxd5 e3 31. Re2 Kf5 32. Kd4 Kf4 33. Kd3
Re5 34. Kd4 h5 35. b4 b6 36. a3 g5 37. Kd3 b5 38. cxb5 Rd5+ 39. Kc3 Ke4 40. a4
Rd3+ 41. Kc2 d5 42. a5 d4 43. b6 axb6 44. axb6 Rc3+ 45. Kd1 Rc6 0-1

[Event "6. Obert Internacional Masdenverge 2017"]
[Site "Masdenverge ESP"]
[Date "2017.07.01"]
[Round "4.2"]
[White "Fernandez Alonso, Miguel Angel"]
[Black "Santos Morales, Julio Cesar"]
[Result "1/2-1/2"]
[WhiteElo "2104"]
[BlackElo "1879"]
[PlyCount "79"]
[EventDate "2017.06.30"]
[EventType "swiss"]
[EventRounds "7"]
[EventCountry "ESP"]
[SourceTitle "Ajedrez en Madrid"]
[Source "lmi"]
[SourceDate "2017.06.30"]
[SourceVersion "1"]
[SourceVersionDate "2018.04.15"]
[SourceQuality "1"]

1. d4 d5 2. c4 c6 3. Nd2 Nf6 4. Ngf3 Bf5 5. g3 e6 6. Bg2 Bd6 7. b3 Nbd7 8. Bb2
h6 9. O-O O-O 10. Ne5 Rc8 11. Nxd7 Qxd7 12. f3 Bb8 13. e4 Bh7 14. Qe2 dxc4 15.
bxc4 Rfd8 16. e5 Ne8 17. Ne4 Bxe4 18. fxe4 b5 19. Rac1 bxc4 20. Qxc4 Qb7 21.
Ba3 Nc7 22. Bc5 Na8 23. Rb1 Nb6 24. Qc2 Qa6 25. Rb3 Nd7 26. Ra3 Qb7 27. Rb1 Qa8
28. Bd6 Bc7 29. Bxc7 Rxc7 30. Rf1 Nb6 31. Qf2 Qb7 32. Rd3 Rcd7 33. Rfd1 Nc4 34.
Qf4 Qc7 35. Rc3 Rxd4 36. Rxd4 Rxd4 37. Bf1 Qb6 38. Qf2 Nxe5 39. Rb3 Qd8 40. Rb7
1/2-1/2

[Event "6. Obert Internacional Masdenverge 2017"]
[Site "Masdenverge ESP"]
[Date "2017.07.01"]
[Round "4.3"]
[White "Lorca Cortada, David"]
[Black "Asensio Linan, Teodoro"]
[Result "0-1"]
[WhiteElo "2056"]
[BlackElo "2104"]
[PlyCount "106"]
[EventDate "2017.06.30"]
[EventType "swiss"]
[EventRounds "7"]
[EventCountry "ESP"]
[SourceTitle "Ajedrez en Madrid"]
[Source "lmi"]
[SourceDate "2017.06.30"]
[SourceVersion "1"]
[SourceVersionDate "2018.04.15"]
[SourceQuality "1"]

1. d4 d5 2. Nf3 Nf6 3. c4 e6 4. g3 Be7 5. Bg2 O-O 6. O-O dxc4 7. Qc2 a6 8. Nbd2
Nc6 9. Qxc4 Bd7 10. Rd1 b5 11. Qd3 Nb4 12. Qb1 c5 13. dxc5 Bc6 14. a3 Be4 15.
Nxe4 Qxd1+ 16. Bf1 Nbd5 17. b4 a5 18. bxa5 Rxa5 19. Nfd2 Nxe4 20. Nxe4 Rc8 21.
Bd2 Qxb1 22. Rxb1 Rxa3 23. Rxb5 Ra2 24. Ba5 Nc7 25. Bxc7 Rxc7 26. Rb8+ Bf8 27.
g4 Ra4 28. f3 f6 29. Rd8 Raa7 30. Kf2 Kf7 31. Bg2 Bxc5+ 32. Nxc5 Rxc5 33. Rd1
g5 34. Rh1 Rc2 35. Bf1 Ra4 36. h4 h6 37. Kg3 Rc1 38. Kf2 Raa1 39. hxg5 hxg5 40.
Rg1 Ke7 41. Rh1 Kd6 42. Rg1 Ke5 43. Rh1 Ra3 44. Kg3 Re3 45. Kf2 Kf4 46. Rh6 f5
47. gxf5 exf5 48. Rh8 Rc2 49. Rf8 Rxf3+ 50. Kg2 g4 51. Ra8 Re3 52. Kf2 g3+ 53.
Ke1 Rc1+ 0-1

[Event "6. Obert Internacional Masdenverge 2017"]
[Site "Masdenverge ESP"]
[Date "2017.07.01"]
[Round "4.4"]
[White "Tolda Andreu, Eloi"]
[Black "Accensi Estrada, Miguel Angel"]
[Result "0-1"]
[WhiteElo "1817"]
[BlackElo "2159"]
[PlyCount "88"]
[EventDate "2017.06.30"]
[EventType "swiss"]
[EventRounds "7"]
[EventCountry "ESP"]
[SourceTitle "Ajedrez en Madrid"]
[Source "lmi"]
[SourceDate "2017.06.30"]
[SourceVersion "1"]
[SourceVersionDate "2018.04.15"]
[SourceQuality "1"]

1. Nf3 e6 2. c4 f5 3. g3 Nf6 4. Bg2 Be7 5. O-O O-O 6. d3 d6 7. Nc3 Nc6 8. Bg5
h6 9. Bxf6 Bxf6 10. e3 Qe8 11. d4 Qf7 12. a3 e5 13. Nxe5 dxe5 14. Bd5 Be6 15.
Bxe6 Qxe6 16. d5 Qf7 17. dxc6 bxc6 18. b3 e4 19. Qc2 Rae8 20. Rad1 g5 21. Ne2
c5 22. Rd5 Be7 23. f4 Qg6 24. Qd1 Rf6 25. Qe1 Rb8 26. Qc3 Bd6 27. Rdd1 Kh7 28.
Rb1 Rg8 29. Qd2 h5 30. fxg5 Qxg5 31. Nf4 h4 32. Qf2 hxg3 33. hxg3 Qxg3+ 34.
Qxg3 Rxg3+ 35. Kf2 Bxf4 36. exf4 Rd3 37. Rbd1 Rfd6 38. Rh1+ Kg7 39. Rdg1+ Rg6
40. Rg5 Rxg5 41. fxg5 Kg6 42. Rg1 Rxb3 43. Rd1 Kxg5 44. Rd5 Kf4 0-1

[Event "6. Obert Internacional Masdenverge 2017"]
[Site "Masdenverge ESP"]
[Date "2017.07.01"]
[Round "4.5"]
[White "Sanchez Mayor, Jose"]
[Black "Garcia Amoros, Pablo"]
[Result "0-1"]
[WhiteElo "1804"]
[BlackElo "2146"]
[PlyCount "24"]
[EventDate "2017.06.30"]
[EventType "swiss"]
[EventRounds "7"]
[EventCountry "ESP"]
[SourceTitle "Ajedrez en Madrid"]
[Source "lmi"]
[SourceDate "2017.06.30"]
[SourceVersion "1"]
[SourceVersionDate "2018.04.15"]
[SourceQuality "1"]

1. d4 Nf6 2. Bg5 e6 3. e4 c5 4. Bxf6 Qxf6 5. c3 b6 6. g3 cxd4 7. cxd4 Nc6 8. e5
Nxe5 9. dxe5 Qxe5+ 10. Qe2 Bb4+ 11. Kd1 Qd5+ 12. Kc2 Qxh1 0-1

[Event "6. Obert Internacional Masdenverge 2017"]
[Site "Masdenverge ESP"]
[Date "2017.07.01"]
[Round "4.6"]
[White "Romeu De La Cruz, Josep"]
[Black "Molano Lafuente, Ismael"]
[Result "1/2-1/2"]
[WhiteElo "1772"]
[BlackElo "2005"]
[PlyCount "119"]
[EventDate "2017.06.30"]
[EventType "swiss"]
[EventRounds "7"]
[EventCountry "ESP"]
[SourceTitle "Ajedrez en Madrid"]
[Source "lmi"]
[SourceDate "2017.06.30"]
[SourceVersion "1"]
[SourceVersionDate "2018.04.15"]
[SourceQuality "1"]

1. e4 c5 2. g3 b6 3. Bg2 Bb7 4. Ne2 h5 5. d3 h4 6. f4 e6 7. Nbc3 Nf6 8. h3 hxg3
9. Nxg3 d5 10. e5 Nfd7 11. Qe2 Nc6 12. Nb5 Qh4 13. Qg4 Qxg4 14. hxg4 Rxh1+ 15.
Bxh1 O-O-O 16. c3 a6 17. Na3 Be7 18. Bd2 Rh8 19. O-O-O Rh3 20. Rg1 b5 21. Nc2
g5 22. d4 gxf4 23. Bxf4 b4 24. Kd2 bxc3+ 25. bxc3 Nb6 26. Bg2 Rh4 27. Bf3 Nc4+
28. Ke2 Rh8 29. Rh1 Rxh1 30. Bxh1 a5 31. g5 Ba6 32. Kf2 Bb5 33. Ne2 Nb2 34. Bf3
Kd7 35. Kg3 Bd3 36. Ne1 Bg6 37. dxc5 Bxc5 38. Bg4 Nc4 39. Nf3 Bb1 40. Nc1 Be4
41. Nb3 Bb6 42. Nbd2 Bd3 43. Bh5 Ke7 44. Nxc4 Bxc4 45. a3 Bd3 46. Bc1 Bc7 47.
a4 Bc2 48. Ba3+ Ke8 49. Bd6 Bxd6 50. exd6 Bxa4 51. Kf4 Bc2 52. Ne5 Nxe5 53.
Kxe5 Bg6 54. Bd1 Kd7 55. Ba4+ Kd8 56. Kf6 Bh5 57. Bc2 Kd7 58. Ke5 Bg4 59. Ba4+
Kd8 60. Kf6 1/2-1/2

[Event "6. Obert Internacional Masdenverge 2017"]
[Site "Masdenverge ESP"]
[Date "2017.07.01"]
[Round "4.7"]
[White "Carreras Villagrasa, Pablo"]
[Black "Biosca Caballe, Nestor"]
[Result "1/2-1/2"]
[WhiteElo "1782"]
[BlackElo "1952"]
[PlyCount "57"]
[EventDate "2017.06.30"]
[EventType "swiss"]
[EventRounds "7"]
[EventCountry "ESP"]
[SourceTitle "Ajedrez en Madrid"]
[Source "lmi"]
[SourceDate "2017.06.30"]
[SourceVersion "1"]
[SourceVersionDate "2018.04.15"]
[SourceQuality "1"]

1. d4 d5 2. Nf3 c6 3. e3 Nf6 4. Bd3 g6 5. Nbd2 Bg7 6. O-O O-O 7. Qe2 Nbd7 8.
Re1 b5 9. e4 e6 10. b3 a6 11. Bb2 Bb7 12. Rac1 c5 13. c4 bxc4 14. bxc4 cxd4 15.
Bxd4 Bh6 16. Rb1 dxe4 17. Nxe4 Bxe4 18. Bxe4 Nxe4 19. Qxe4 Qa5 20. c5 e5 21.
Bxe5 Nxc5 22. Qh4 Bg7 23. Bxg7 Kxg7 24. Qd4+ Kg8 25. a4 Rad8 26. Qh4 Nd3 27.
Red1 Nb2 28. Re1 Nd3 29. Red1 1/2-1/2

[Event "6. Obert Internacional Masdenverge 2017"]
[Site "Masdenverge ESP"]
[Date "2017.07.01"]
[Round "4.8"]
[White "Rius Guarch, Daniel"]
[Black "Rodriguez Marin, Jose"]
[Result "1-0"]
[WhiteElo "1878"]
[BlackElo "1618"]
[PlyCount "56"]
[EventDate "2017.06.30"]
[EventType "swiss"]
[EventRounds "7"]
[EventCountry "ESP"]
[SourceTitle "Ajedrez en Madrid"]
[Source "lmi"]
[SourceDate "2017.06.30"]
[SourceVersion "1"]
[SourceVersionDate "2018.04.15"]
[SourceQuality "1"]

1. d4 e6 2. c4 d5 3. Nf3 Nf6 4. g3 b6 5. Bg2 Bb7 6. O-O Be7 7. Nc3 O-O 8. cxd5
exd5 9. Bf4 c6 10. Qc2 Bd6 11. Be5 g6 12. Rfe1 Ng4 13. Bxd6 Qxd6 14. e4 Nh6 15.
e5 Qe7 16. Bh3 Bc8 17. Nxd5 Qb7 18. Nf6+ Kg7 19. Bxc8 Rxc8 20. Qe4 Na6 21. Ng5
Rh8 22. e6 Qe7 23. Ngxh7 Rxh7 24. Nxh7 Kxh7 25. Qxc6 Rf8 26. d5 fxe6 27. dxe6
Nb4 28. Qc4 Qc5 1-0

[Event "6. Obert Internacional Masdenverge 2017"]
[Site "Masdenverge ESP"]
[Date "2017.07.01"]
[Round "4.9"]
[White "Jordan Martinez, David"]
[Black "Lopez Minguella, Armand"]
[Result "1-0"]
[WhiteElo "2096"]
[BlackElo "1554"]
[PlyCount "95"]
[EventDate "2017.06.30"]
[EventType "swiss"]
[EventRounds "7"]
[EventCountry "ESP"]
[SourceTitle "Ajedrez en Madrid"]
[Source "lmi"]
[SourceDate "2017.06.30"]
[SourceVersion "1"]
[SourceVersionDate "2018.04.15"]
[SourceQuality "1"]

1. e4 c5 2. c3 Nc6 3. Nf3 d6 4. d4 cxd4 5. cxd4 Bg4 6. d5 Bxf3 7. gxf3 Ne5 8.
Be3 a6 9. f4 Nd7 10. Be2 Ngf6 11. Nc3 g6 12. Bd4 e5 13. dxe6 fxe6 14. Qb3 e5
15. Be3 exf4 16. Bxf4 Nc5 17. Qc2 Be7 18. O-O O-O 19. Bh6 Re8 20. Bc4+ Kh8 21.
Rad1 Qd7 22. f3 Bf8 23. Bg5 Bg7 24. Bf4 Bf8 25. Rf2 b5 26. Bd5 Nxd5 27. Nxd5
Qf7 28. Qd2 Rac8 29. Kg2 Ne6 30. Bg3 Rc4 31. Qe3 Bg7 32. Bxd6 Bd4 33. Rxd4 Nxd4
34. Qg5 Qe6 35. Nc7 Nxf3 36. Nxe6 Nxg5 37. Nxg5 Rec8 38. Rf7 Rc2+ 39. Kg3 Rc1
40. Be5+ Kg8 41. Rg7+ Kf8 42. Nxh7+ Ke8 43. Nf6+ Kf8 44. Ra7 Rg1+ 45. Kh4 Rd1
46. Kg5 Rc5 47. Kxg6 Rxe5 48. Rf7# 1-0

[Event "6. Obert Internacional Masdenverge 2017"]
[Site "Masdenverge ESP"]
[Date "2017.07.01"]
[Round "4.10"]
[White "Benaiges Fontanet, German"]
[Black "Aguilar Vallcorba, Manel"]
[Result "1-0"]
[WhiteElo "1986"]
[BlackElo "1600"]
[PlyCount "69"]
[EventDate "2017.06.30"]
[EventType "swiss"]
[EventRounds "7"]
[EventCountry "ESP"]
[SourceTitle "Ajedrez en Madrid"]
[Source "lmi"]
[SourceDate "2017.06.30"]
[SourceVersion "1"]
[SourceVersionDate "2018.04.15"]
[SourceQuality "1"]

1. d4 b5 2. a4 b4 3. c4 a5 4. e3 Bb7 5. Nf3 e6 6. Bd3 Qf6 7. Nbd2 d5 8. Qe2 Qd8
9. cxd5 Bxd5 10. e4 Bb7 11. Nc4 h6 12. O-O Be7 13. b3 Nf6 14. Bb2 O-O 15. Rad1
c6 16. Rfe1 Re8 17. Bb1 Ba6 18. Qc2 g6 19. Bc1 Bf8 20. Nfe5 Qe7 21. f4 Nfd7 22.
Qf2 Bxc4 23. Nxc4 f6 24. Qg3 Qg7 25. Bb2 Re7 26. Qf3 Ra7 27. Nd6 Rc7 28. f5 g5
29. e5 fxe5 30. dxe5 Rf7 31. f6 Nxf6 32. exf6 Qh8 33. Nxf7 Rxf7 34. Rxe6 Bc5+
35. Kh1 1-0

[Event "6. Obert Internacional Masdenverge 2017"]
[Site "Masdenverge ESP"]
[Date "2017.07.01"]
[Round "5.1"]
[White "Jordan Martinez, Miguel"]
[Black "Asensio Linan, Teodoro"]
[Result "1-0"]
[WhiteElo "2161"]
[BlackElo "2104"]
[PlyCount "87"]
[EventDate "2017.06.30"]
[EventType "swiss"]
[EventRounds "7"]
[EventCountry "ESP"]
[SourceTitle "Ajedrez en Madrid"]
[Source "lmi"]
[SourceDate "2017.06.30"]
[SourceVersion "1"]
[SourceVersionDate "2018.04.15"]
[SourceQuality "1"]

1. e4 e6 2. b3 e5 3. Nf3 Nc6 4. Bb2 d6 5. Bb5 Bd7 6. Nc3 Nf6 7. d4 Qe7 8. O-O
a6 9. Bc4 exd4 10. Nxd4 Ne5 11. Be2 c5 12. Nf5 Bxf5 13. exf5 O-O-O 14. Nd5 Nxd5
15. Qxd5 Nc6 16. Rfe1 Nb4 17. Qd2 Qd7 18. a3 Nc6 19. f6 g6 20. Qd5 h5 21. Rad1
Bh6 22. b4 cxb4 23. axb4 Nxb4 24. Qc4+ Nc6 25. Bf3 Rhe8 26. Re7 Rxe7 27. fxe7
Qxe7 28. Bxc6 bxc6 29. Qxc6+ Qc7 30. Qxa6+ Qb7 31. Qc4+ Qc7 32. Qd3 Qc6 33. Bd4
Re8 34. Rb1 Re7 35. h3 Bf4 36. c3 Rb7 37. Re1 Kb8 38. Ra1 d5 39. g3 Bc7 40. Re1
Qd7 41. Kg2 Ba5 42. Qa6 Qb5 43. Qd6+ Bc7 44. Qf8+ 1-0